駅名に「神」を含む駅 - Statistics

General Stats
  • This quiz has been taken 186 times
  • The average score is 38 of 134
Answer Stats
Hint Answer % Correct
みどり市 | 田原市 | 神戸市 神戸
84%
佐々町 | 千代田区 神田
76%
鹿児島市 神田(交通局前)
76%
神戸市 新神戸
69%
渋谷区 明治神宮前
61%
神戸市 神戸三宮
61%
名古屋市 神宮前
59%
橿原市 橿原神宮前
58%
福岡市 天神
57%
昭島市 中神
51%
千代田区 神保町
50%
昭島市 東中神
50%
日出町 大神
49%
富士市 神谷
46%
橿原市 橿原神宮西口
43%
鹿嶋市 鹿島神宮
42%
伊賀市 伊賀神戸
42%
長岡京市 長岡天神
42%
神戸市 高速神戸
42%
港区 神谷町
41%
神埼市 神埼
41%
土浦市 神立
40%
練馬区 石神井公園
39%
神戸市 神戸空港
39%
吉野町 吉野神宮
39%
船橋市 東海神
38%
上里町 神保原
37%
練馬区 上石神井
36%
名古屋市 熱田神宮西
36%
霧島市 霧島神宮
36%
新宿区 神楽坂
35%
宝塚市 売布神社
34%
大仙市 神宮寺
33%
船橋市 大神宮下
33%
神崎町 下総神崎
33%
大阪市 天神橋筋六丁目
33%
船橋市 海神
32%
名古屋市 熱田神宮伝馬町
32%
西宮市 門戸厄神
32%
逗子市 神武寺
31%
世田谷区 松陰神社前
30%
渋谷区 神泉
30%
青梅市 石神前
30%
仙北市 | 岩国市 | 雲仙市 神代
29%
横浜市 神奈川
29%
春日井市 神領
29%
京都市 神宮丸太町
29%
福岡市 西鉄福岡(天神)
29%
宮崎市 宮崎神宮
29%
新宿区 牛込神楽坂
28%
北区 王子神谷
28%
横浜市 東神奈川
28%
阿賀野市 神山
28%
大阪市 神崎川
28%
豊中市 服部天神
28%
加古川市 神野
28%
加古川市 厄神
28%
宝塚市 清荒神
28%
新見市 備中神代
28%
横浜市 神奈川新町
27%
広島市 天神川
26%
福岡市 天神南
26%
横浜市 京急東神奈川
25%
神戸町 北神戸
25%
いちき串木野市 神村学園前
25%
品川区 下神明
24%
豊島区 鬼子母神前
24%
小牧市 田県神社前
24%
神戸市 西神中央
24%
旭川市 西神楽
23%
志摩市 志摩神明
23%
京都市 太秦天神川
23%
西宮市 阪神国道
23%
高野町 紀伊神谷
22%
大淀町 福神
21%
さぬき市 | 和歌山市 神前
21%
出雲市 出雲神西
21%
鯖江市 神明
20%
白馬村 神城
20%
神戸町 広神戸
20%
葛城市 二上神社口
20%
福山市 神辺
20%
大津市 近江神宮前
19%
神戸市 神鉄六甲
19%
旭川市 神楽岡
17%
東根市 神町
17%
江東区 亀戸水神
17%
岐阜市 田神
17%
島田市 神尾
17%
名古屋市 神沢
17%
京都市 嵐電天神川
17%
堺市 萩原天神
17%
八峰町 あきた白神
16%
白馬村 南神城
16%
京都市 車折神社
16%
神戸市 神鉄道場
16%
神戸市 西神南
16%
深浦町 白神岳登山口
15%
日光市 明神
15%
日高村 小村神社前
15%
大阪市 野田阪神
14%
三次市 神杉
12%
福岡市 香椎神宮
12%
福岡市 櫛田神社前
12%
石巻市 曽波神
11%
魚沼市 藪神
11%
舞鶴市 丹後神崎
11%
堺市 高須神社
11%
田村市 神俣
10%
坂井市 三国神社
10%
大阪市 天神ノ森
10%
新見市 矢神
10%
由布市 天神山
10%
本巣市 神海
9%
大阪市 神ノ木
9%
那智勝浦町 紀伊浦神
9%
久米南町 神目
9%
深浦町 松神
8%
富岡市 神農原
8%
堺市 神明町
8%
御浜町 神志山
7%
岩国市 守内かさ神
7%
長崎市 諏訪神社
7%
熊本市 味噌天神前
7%
みどり市 上神梅
6%
上田市 神畑
6%
熊本市 神水交差点
6%
高知市 朝倉神社前
4%
No matching quizzes found
Score Distribution
Percent of People with Each Score
Percentile by Number Answered
Your Score History
You have not taken this quiz